Players of National Teams - Scotland - Statistics

General Stats
  • This quiz has been taken 9 times
  • The average score is 14 of 25
Answer Stats
Pos. Team Player % Correct
LB Liverpool FC Andrew Robertson
100%
CM SSC Napoli Scott McTominay
100%
CM Aston Villa John McGinn
88%
LB Celtic FC Kieran Tierney
88%
DM SSC Napoli Billy Gilmour
75%
FW Torino FC Ché Adams
75%
CM AFC Bournemouth Ryan Christie
75%
RB Brentford FC Aaron Hickey
63%
RW AFC Bournemouth Ben Gannon-Doak
63%
CB Al-Ettifaq Jack Hendry
63%
FW Heart of Midlothian Lawrence Shankland
63%
CM Bologna FC Lewis Ferguson
63%
RB Celtic FC Anthony Ralston
50%
GK Heart of Midlothian Craig Gordon
50%
CB Hibernian FC Grant Hanley
50%
CB Rangers FC John Souttar
50%
CM Norwich City Kenny McLean
50%
FW Charlton Athletic Lyndon Dykes
50%
FW Ipswich Town George Hirst
38%
CM Udinese Calcio Lennon Miller
38%
GK Rangers FC Liam Kelly
38%
CB Dinamo Zagreb Scott McKenna
38%
CM Sparta Prague Andrew Irving
25%
LB US Sassuolo Josh Doig
25%
GK Falkirk FC Scott Bain
25%
No matching quizzes found
Score Distribution
Percent of People with Each Score
Percentile by Number Answered
Your Score History
You have not taken this quiz